Khushwant Singh: in the name of the father (Record no. 402739)

000 -LEADER
fixed length control field 00411cam a22001457a 4500
008 - FIXED-LENGTH DATA ELEMENTS--GENERAL INFORMATION
fixed length control field 180718b2004 xxu||||| |||| 00| 0 eng d
020 ## - INTERNATIONAL STANDARD BOOK NUMBER
International Standard Book Number 8174363157
082 ## - DEWEY DECIMAL CLASSIFICATION NUMBER
Classification number A99/Si64 Si64
100 ## - MAIN ENTRY--PERSONAL NAME
Personal name Singh, Rahul
245 ## - TITLE STATEMENT
Title Khushwant Singh: in the name of the father
Statement of responsibility, etc. by Rahul Singh
260 ## - PUBLICATION, DISTRIBUTION, ETC.
Place of publication, distribution, etc. New Delhi
Name of publisher, distributor, etc. Roli
Date of publication, distribution, etc. 2004
300 ## - PHYSICAL DESCRIPTION
Extent 141p.
440 ## - SERIES STATEMENT/ADDED ENTRY--TITLE
Title Family pride series
650 ## - SUBJECT ADDED ENTRY--TOPICAL TERM
Topical term or geographic name entry element Singh, Khushwant - Biography
Holdings
Withdrawn status Lost status Damaged status Not for loan Permanent Location Current Location Date acquired Full call number Barcode Date last seen Price effective from Koha item type
        Indian Institute of Public Administration Indian Institute of Public Administration 2004-06-24 A99/Si64 Si64 79264 2018-07-21 2018-07-21 Book

Powered by Koha